000 00544nam a22001937a 4500
999 _c1302
_d1302
003 AR-CdUCM
008 190226b ||||| |||| 00| 0 spa d
020 _a9504309631
040 _aMUNICIPALIDAD PROVINCIAL DEL CUSCO
_cBIBLIOTECA MUNICIPAL DEL CUSCO
082 _a869.25 /
_bUT95
100 _aUtello, Andrés
_95021
245 _aLunario /
260 _aArgentina :
_btalleres de Letrar,
_c1986.
300 _a80 páginas ;
_c20 cm.
650 _aPoesía
_9139
650 _aLiteratura argentina
_984
942 _2ddc
_cLIBROS
945 _azta